000 00842nas a2200277 4500
001 BR0805170
003 BR-BrBNA
005 20231205112405.0
007 ta
008 230509b bl.|||p| |||| 00| 00por d
040 _aBR-BrBNA
_bpor
_cBiblioteca Nacional de Agricultura
041 _a(Pt)
072 _aF04
100 1 _aSoares, I.
100 1 _aLima, S.C.
100 1 _aCrisóstomo, L.A.
245 1 _aCrescimento e composição mineral de mudas de gravioleira em resposta a doses de fósforo
650 _aGRAVIOLA
650 _aFERTILIZANTE FOSFATADO
650 _aADUBAÇÃO
650 _aCRESCIMENTO
650 _aRESPOSTA DA PLANTA
773 0 _tRevista Ciencia Agronomica (Brazil)
_xISSN 0045-6888
_g(Oct-Dec 2007), v. 38(4) p. 343-349
_wBR0805170
909 _a202311
_bLúcia
_c55
_dLúcia Elande
942 _2AGRIS
_n0
_cANA
999 _c197797
_d197797